000 00357nam a2200109Ia 4500
008 160909s9999 xx 000 0 und d
100 _aSharp, Krista
245 4 _aThe Epistolary Form: A Familiar Fiction
260 _bThe George Washington University.
_c2016
650 _aMULTIMEDIA ARTS
856 _uhttp://pqdtopen.proquest.com/doc/1804413309.html?FMT=ABS
999 _c304280
_d304280